| 000 | 00610cam a22002173a 4500 | ||
|---|---|---|---|
| 001 | 33823 | ||
| 003 | PGUSA | ||
| 005 | 20140828083730.0 | ||
| 008 | 101001s2010||||xxu|||||s|||||000 | eng d | ||
| 040 |
_aPGUSA _beng |
||
| 042 | _adc | ||
| 100 | 1 |
_aBird, Richard, _d1881-1965 |
|
| 245 | 1 | 4 |
_aThe Gay Adventure : _bA Romance _h[electronic resource] / _cRichard Bird |
| 260 |
_bProject Gutenberg, _c2010 |
||
| 506 | _aPublic domain in the USA. | ||
| 516 | _aElectronic text | ||
| 700 | 1 | _aWilson, E. Vaun | |
| 830 | 0 |
_aProject Gutenberg _v33823 |
|
| 856 | 4 | 0 | _uhttp://www.gutenberg.org/ebooks/33823 |
| 942 | _cEB | ||
| 999 |
_c263078 _d263078 |
||